01939nam a2200289 a 450000100100000000500170001000800410002702000150006804000250008308200180010810000350012624501020016126000440026330000360030750507300034360000470107365000270112065000360114765100370118365100460122065100460126670000450131291000410135795201150139895201210151399900150163400000179620200929145714.0090629s2006 cu ac 001 0 spa d a9592112886 aDO-SdBNPbspacBNPHU a364.15bD485p1 aDeulofeu, Ivón,d1966-9582910aParaninfo :bun magnicidio frustrado /cIvón Deulofeu ; edición Ana María Caballero Labaut. aLa Habana :bCapitán San Luis,c2006. a242 p. :bil., retrs. ;c22 cm.2 aPor la verdad, todas las huellas -- El compromiso intransigente de la sociedad -- Luis Posada Carriles y Orlando Bosch -- El pasajero -- ¿Cómo se gestó el atentado? -- De Costa Rica a Panamá -- Llegada de Fidel a Panamá -- Terrorista del 11 de septiembre en Nueva York / Pedro Crispín Remón -- Proceso de extradición -- La fiscal Argentina Barrera instruye el caso -- Gaspar Jiménez Escobedo: el crimen en Mérida -- Fuga protegida -- La miamificación de los Estados Unidos -- Crónica de un "Acuerdo anunciado" -- El urbanista -- Los hijos del padre -- El gobierno de los Estados Unidos intenta salvar a Posada y exponer en el mundo el terrorismo -- La caja de Pandora de los Bush -- Queda en sus manos.14aCASTRO RUZ, FIDEL,d1926-xATENTADOS95830 4aTerrorismozCuba95819 4aDelitos contra la persona95831 4aCubaxPolítica Y Gobierno9541 4aEstados UnidosxRelaciones Con Cuba95832 4aCubaxRelaciones Con Estados Unidos958331 aCaballero Labaut, Ana Maríaeed.95834 aValidado. Control de calidad MMOLINA 001050718MOaGRbGRcHDd2009-06-29iLF1l0o364.15 D485pp1796-10r2020-06-25w2020-06-25y1ZNo se presta 001050718MOaGRbGRcHDd2009-06-29iLF1l0o364.15 D485pp1796-20r2020-06-25te. 2w2020-06-25y1ZNo se presta c1673d1673